|
|
|
|
| LEADER |
00626nam a22001932a 4500 |
| 001 |
001331744 |
| 003 |
CZ BrMZK |
| 005 |
20131002100302.0 |
| 007 |
ta |
| 008 |
131002s1966 ru er|||||||||||rus d |
| 040 |
|
|
|a ABA004
|b cze
|c ABA004
|d ABA004
|d BOA001
|
| 100 |
1 |
|
|a Sacharov, Andrej Nikolajevič,
|d 1930-2019
|7 jn20000604765
|4 aut
|
| 245 |
1 |
0 |
|a Russkaja derevnja 17 v. :
|b po materialam patriaršego chozjajstva /
|c A.N. Sacharov
|
| 260 |
|
|
|a Moskva :
|b Nauka,
|c 1966
|
| 300 |
|
|
|a 228 s.
|
| 910 |
|
|
|a BOA001
|b 2-0568.581
|
| 990 |
|
|
|a BK
|
| 991 |
|
|
|b 201309
|
| 996 |
7 |
|
|b 2619023127
|c 2-0568.581
|l HP2
|r DEN
|n 0
|w 001366742
|u 000010
|a 1
|e BOA001
|j MZK50
|s A
|